Vízveszély és vízgazdálkodás a bányászatban /

Uložené v:
Podrobná bibliografia
Hlavný autor: Martos, Ferenc (Author)
Médium: Kniha
Jazyk:Hungarian
Vydané: Budapest : Műszaki Könyvkiadó, 1975.
Vydanie:1. kiad.
ISBN: (viaz.)
Fyzický popis: 447 s.
Tagy: Pridať tag
Žiadne tagy, Buďte prvý kto otaguje tento záznam!

MARC

LEADER 00000nam a2200000 a 4500
001 000171810
005 20100721170746.0
008 040101s1975 hu hun d
020 |a (viaz.)  |c Kčs 83,00 
040 |a SVKKK  |b slo  |c SVKKK  |e AACR2 
041 0 |a hun 
044 |a hu  |c HU 
245 1 0 |a Vízveszély és vízgazdálkodás a bányászatban /  |c Ferenc Martos ... [et al.]. 
250 |a 1. kiad. 
260 |a Budapest :  |b Műszaki Könyvkiadó,  |c 1975. 
300 |a 447 s. 
700 1 |a Martos, Ferenc  |4 aut 
910 |a svkkk 
998 |a BK 
090 |g SCKHL  |k Sklad Pribinova 1. posch.  |a IV.85523  |j 519072  |i 171810-10  |s Absenčne